The Filipino family : (Record no. 12667)
[ view plain ]
| 000 -LEADER | |
|---|---|
| fixed length control field | 00521nam a2200145 a 4500 |
| 005 - DATE AND TIME OF LATEST TRANSACTION | |
| control field | 20140310182404.0 |
| 008 - FIXED-LENGTH DATA ELEMENTS--GENERAL INFORMATION | |
| fixed length control field | 970101s19uu xx 00 eng d |
| 050 ## - LIBRARY OF CONGRESS CALL NUMBER | |
| Classification number | HQ 680 |
| Item number | .M538 1974 |
| 100 ## - MAIN ENTRY--PERSONAL NAME | |
| Personal name | Mendez, Paz Policarpio |
| 245 ## - TITLE STATEMENT | |
| Title | The Filipino family : |
| Remainder of title | in its rural and urban orientation / |
| Statement of responsibility, etc | Paz Policarpio Mendez, F. Landa Jocano. |
| 260 ## - PUBLICATION, DISTRIBUTION, ETC. (IMPRINT) | |
| Place of publication, distribution, etc | Manila : |
| Name of publisher, distributor, etc | Centro Escolar University Research and Development Center, |
| Date of publication, distribution, etc | 1974. |
| 300 ## - PHYSICAL DESCRIPTION | |
| Extent | Xviii, 394 p.; ill.; 22 cm. |
| 650 ## - SUBJECT ADDED ENTRY--TOPICAL TERM | |
| Topical term or geographic name as entry element | family, Filipino |
| 942 ## - ADDED ENTRY ELEMENTS (KOHA) | |
| Koha item type | Books |
| Source of classification or shelving scheme | Library of Congress Classification |
| Withdrawn status | Lost status | Source of classification or shelving scheme | Damaged status | Home library | Current library | Shelving location | Date acquired | Total Checkouts | Full call number | Barcode | Date last seen | Date checked out | Price effective from | Koha item type |
|---|---|---|---|---|---|---|---|---|---|---|---|---|---|---|
| Library of Congress Classification | Luxembourg Library | Luxembourg Library | Filipiniana Section | 01/01/1997 | 2 | HQ 680 .M538 1974 | 0457 | 04/11/2019 | 04/08/2019 | 10/10/2013 | Books |